00472 2200181 4500001002100000005001500021008004100036020002200077035001900099041000700118082000800125090001400133100001900147245007200166260001500238300002100253650001600274INLIS00000000000683320241224113347241224||||||||| | ||| |||| || |  a979-979-066-200-1 0010-1224006833 aen0 a813 a813 BEN a0 aBenny Rhamdani00aCerita Balita: Aku Tidak Kentut Sembarangan (I Don't Fart Anywhere) bDar! Mizan a24 hlm.; 19,5 cm 0aCerita Anak